[Event "2nd League CS-East 2009"]
[Site "Golubac"]
[Date "2009.09.20"]
[Round "3.3"]
[White "Dimitrijevic, Srdjan"]
[Black "Stojanovic, Zlatko"]
[Result "1-0"]
[WhiteElo "2290"]
[BlackElo "2231"]
[PlyCount "89"]
[EventDate "2009.09.06"]

1. c4 c6 2. e4 e5 3. Nf3 d6 4. d4 Bg4 5. Be2 Nd7 6. O-O Ngf6 7. Nc3 Be7 8. Be3
O-O 9. Nd2 Bxe2 10. Qxe2 Re8 11. d5 Nf8 12. Rfd1 Ng6 13. g3 Qd7 14. f3 h6 15.
Nf1 c5 16. Bd2 Nh7 17. Ne3 Bg5 18. Nf5 Ne7 19. Qd3 Bxd2 20. Rxd2 a6 21. a4 Nf6
22. Re1 g6 23. Nh4 Nh5 24. Qf1 g5 25. Ng2 Kh7 26. Ne3 Kg7 27. Rg2 Kh7 28. Rf2
Rg8 29. Qd3 Rg6 30. Nf5 Rb8 31. b3 Rc8 32. Nxe7 Qxe7 33. Nd1 Qd7 34. Ne3 Rcg8
35. Ra1 Ng7 36. a5 Rf8 37. g4 h5 38. Rb1 Rc8 39. b4 cxb4 40. Rxb4 Rh6 41. Rb3
Rc7 42. h3 hxg4 43. hxg4 Qc8 44. Qf1 Kg6 45. Qg2 1-0

[Event "2nd League CS-East 2009"]
[Site "Golubac"]
[Date "2009.09.20"]
[Round "3.3"]
[White "Nikolic, Zoran S"]
[Black "Stankovic, Ivan G"]
[Result "0-1"]
[WhiteElo "2254"]
[BlackElo "2121"]
[PlyCount "119"]
[EventDate "2009.09.06"]

1. e4 c5 2. Nf3 Nc6 3. d4 cxd4 4. Nxd4 g6 5. Nc3 Bg7 6. Be3 Nf6 7. f3 O-O 8.
Qd2 d5 9. Nxc6 bxc6 10. O-O-O Be6 11. exd5 cxd5 12. Bd4 Qa5 13. a3 Rab8 14. g4
Rfd8 15. h4 Rb7 16. Ne4 Qxd2+ 17. Nxd2 Nd7 18. Nb3 Rdb8 19. Ba6 Bxd4 20. Rxd4
Rxb3 21. cxb3 Nc5 22. Ra4 Bd7 23. Rf4 Nxa6 24. Rd4 Bc6 25. Re1 Re8 26. f4 Nc5
27. Kc2 a5 28. f5 e5 29. fxe6 Nxe6 30. Rdd1 d4 31. Re5 Rc8 32. Kd2 a4 33. bxa4
Bxa4 34. Rc1 Rxc1 35. Kxc1 d3 36. Kd2 Bc2 37. Rd5 Kf8 38. b4 Ke7 39. b5 Nd8 40.
g5 Nb7 41. b6 Nd6 42. Rd4 Ke6 43. Rb4 Nb7 44. a4 Kd6 45. a5 Nxa5 46. b7 Nc6 47.
Rb6 Kc7 48. Rxc6+ Kxb7 49. Rc4 Kb6 50. Rf4 Kc6 51. Rxf7 Kd6 52. Rxh7 Ke6 53.
Rg7 Kf5 54. Ke3 Kg4 55. Rh7 Kg3 56. h5 gxh5 57. g6 d2 58. g7 Bxh7 59. g8=Q+
Bxg8 60. Kxd2 0-1

[Event "2nd League CS-East 2009"]
[Site "Golubac"]
[Date "2009.09.20"]
[Round "3.3"]
[White "Savic, Goran Lj"]
[Black "Batanjac, Aleksandar"]
[Result "1-0"]
[WhiteElo "2153"]
[BlackElo "2147"]
[PlyCount "117"]
[EventDate "2009.09.06"]

1. e4 c5 2. Nf3 g6 3. d4 Bg7 4. Nc3 cxd4 5. Nxd4 Nc6 6. Be3 Qa5 7. Qd2 Nf6 8.
Be2 Nxd4 9. Qxd4 O-O 10. Qd2 Qb4 11. e5 Ne4 12. Qd4 Qxd4 13. Bxd4 Nxc3 14. Bxc3
f6 15. f4 fxe5 16. fxe5 d5 17. exd6 Bxc3+ 18. bxc3 exd6 19. O-O-O Rf2 20. Rd2
Kf8 21. Bf3 Rxd2 22. Kxd2 Rb8 23. Bd5 Ke7 24. Rf1 Bf5 25. g4 Bxg4 26. Rf7+ Kd8
27. Rxh7 Bd7 28. Rg7 Bf5 29. Bxb7 a5 30. a3 Bd7 31. Be4 Rb5 32. Rxg6 Rh5 33.
Rxd6 Kc7 34. Rd5 Rxh2+ 35. Kc1 a4 36. Kb2 Rh4 37. Rd4 Be8 38. Bd3 Rh1 39. Rb4
Rh5 40. c4 Bc6 41. Kc3 Kd6 42. Rb8 Kc5 43. Rc8 Rh3 44. Kb2 Re3 45. Rf8 Re5 46.
Kc3 Rg5 47. Rc8 Rg3 48. Rc7 Rh3 49. Ra7 Kb6 50. Rf7 Rg3 51. Kb4 Rg4 52. Rf6 Kc7
53. Be2 Rg5 54. c5 Rg1 55. Rf7+ Kb8 56. Rf1 Rg3 57. Bd3 Rg4+ 58. Ka5 Bd7 59.
Kb6 1-0

[Event "2nd League CS-East 2009"]
[Site "Golubac"]
[Date "2009.09.20"]
[Round "3.3"]
[White "Minic, Ivan"]
[Black "Lepojevic, Nebojsa"]
[Result "1-0"]
[WhiteElo "2128"]
[BlackElo "2065"]
[Annotator "Milojevic,Boban"]
[PlyCount "93"]
[EventDate "2009.09.06"]

1. d4 Nf6 2. Nf3 e6 3. Bg5 d5 4. e3 Nbd7 5. Bd3 Be7 6. Nbd2 O-O 7. O-O b6 8. c3
Bb7 9. Qc2 c5 10. Rfe1 a5 11. Bb5 h6 12. Bh4 Ba6 13. Bxa6 Rxa6 14. e4 b5 15.
dxc5 Nxc5 16. exd5 Nxd5 17. Bg3 Bd6 18. Rad1 Qc7 19. Ne4 Bxg3 20. hxg3 Nxe4 21.
Rxe4 Rc8 22. Qe2 Rb6 23. Ne5 b4 24. c4 Nf6 $11 25. Re3 Rbb8 26. b3 Ra8 27. Red3
a4 28. Nd7 axb3 29. Nxf6+ gxf6 30. axb3 Qe5 31. Qd2 Ra1 32. Qxb4 Rca8 33. Qd6
Qe2 34. R3d2 Rxd1+ 35. Rxd1 Ra2 36. Rf1 Rd2 37. Qf4 Rd1 38. Rxd1 Qxd1+ 39. Kh2
Qxb3 40. c5 Qd1 41. f3 Qd5 42. Qc7 e5 43. c6 e4 44. Qd7 Qh5+ 45. Qh3 Qc5 46.
Qc8+ Kh7 47. fxe4 1-0

[Event "2nd League CS-East 2009"]
[Site "Golubac"]
[Date "2009.09.20"]
[Round "3.3"]
[White "Petrovic, Grade"]
[Black "Marinkovic, Vojkan"]
[Result "1/2-1/2"]
[WhiteElo "2139"]
[BlackElo "2041"]
[PlyCount "111"]
[EventDate "2009.09.06"]

1. d4 e6 2. g4 b6 3. Bg2 Nc6 4. d5 exd5 5. Bxd5 Bb7 6. Nf3 Nf6 7. Bg5 Be7 8.
Bxf6 Bxf6 9. c3 Qe7 10. Nbd2 O-O-O 11. Ne4 Ne5 12. Bxb7+ Kxb7 13. Nxe5 Qxe5 14.
Nxf6 Qxf6 15. Qd5+ c6 16. Qg2 Rhe8 17. e3 d5 18. O-O-O Re4 19. g5 Qe6 20. Rd4
Rxd4 21. cxd4 Qf5 22. Rd1 Rc8 23. Kd2 Re8 24. Rc1 f6 25. h4 fxg5 26. hxg5 Rf8
27. f4 Re8 28. Qf3 Re4 29. b4 Qf8 30. a3 a5 31. Qh3 Qe7 32. bxa5 bxa5 33. Rb1+
Kc7 34. Rb3 g6 35. Qf1 a4 36. Rc3 Qd7 37. Qa6 Re8 38. Qa5+ Kd6 39. Qxa4 Rb8 40.
Rb3 Rxb3 41. Qxb3 Kc7 42. a4 Qh3 43. a5 Qg2+ 44. Kc3 Qe2 45. Qb6+ Kd7 46. Qb7+
Kd8 47. a6 Qxe3+ 48. Kc2 Qe2+ 49. Kb3 Qc4+ 50. Ka3 Qc3+ 51. Ka4 Qxd4+ 52. Ka5
Qc5+ 53. Ka4 Qc4+ 54. Ka5 Qc5+ 55. Ka4 Qc2+ 56. Ka5 1/2-1/2

[Event "2nd League CS-East 2009"]
[Site "Golubac"]
[Date "2009.09.20"]
[Round "3.4"]
[White "Panic, Milan"]
[Black "Cvetanovic, Uros"]
[Result "1-0"]
[WhiteElo "2225"]
[BlackElo "2164"]
[PlyCount "86"]
[EventDate "2009.09.06"]

1. d4 Nf6 2. c4 e6 3. Nf3 b6 4. g3 Bb7 5. Bg2 Be7 6. O-O O-O 7. Re1 d6 8. Nc3
Ne4 9. Qc2 Nxc3 10. Ng5 Bxg5 11. Bxb7 Nxe2+ 12. Rxe2 Bxc1 13. Rxc1 Nd7 14. Bxa8
Qxa8 15. Qe4 Nf6 16. Qxa8 Rxa8 17. Rc3 d5 18. c5 Ne4 19. Ra3 Kf8 20. f3 Nf6 21.
cxb6 cxb6 22. Rc2 Ne8 23. Rc6 b5 24. Rac3 Rb8 25. Rc8 Rb7 26. Ra8 Ke7 27. Ra3
Nd6 28. R3xa7 Rxa7 29. Rxa7+ Ke8 30. g4 Nc4 31. b3 Ne3 32. Rb7 Nc2 33. Rxb5
Nxd4 34. Rb8+ Ke7 35. Kf2 e5 36. a4 Kd6 37. b4 g6 38. a5 Kc7 39. Rf8 f5 40.
gxf5 gxf5 41. Rf7+ Kb8 42. a6 e4 43. b5 Nxb5 1-0

[Event "2nd League CS-East 2009"]
[Site "Golubac"]
[Date "2009.09.20"]
[Round "3.4"]
[White "Popovic, Djordje D"]
[Black "Kalcic, Krsta"]
[Result "0-1"]
[WhiteElo "2308"]
[BlackElo "2196"]
[PlyCount "60"]
[EventDate "2009.09.06"]

1. d4 d5 2. c4 c6 3. Nf3 Nf6 4. Nc3 e6 5. e3 Nbd7 6. Qc2 Bd6 7. Be2 O-O 8. O-O
e5 9. cxd5 cxd5 10. Nb5 Bb8 11. dxe5 Nxe5 12. Nbd4 Qd6 13. Bd2 Nxf3+ 14. Nxf3
Bg4 15. g3 Ne4 16. Rfd1 Qf6 17. Bc3 Qf5 18. Kg2 Bh3+ 19. Kg1 Nxg3 20. hxg3 Qxc2
21. Bd3 Qa4 22. Ng5 Qg4 23. Bxh7+ Kh8 24. Rxd5 Bxg3 25. Be4 Bf4+ 26. Kh1 Bxg5
27. f4 Bf6 28. Rg1 Qh4 29. Be1 Qh6 30. Rd2 Bf5+ 0-1

[Event "2nd League CS-East 2009"]
[Site "Golubac"]
[Date "2009.09.20"]
[Round "3.4"]
[White "Djordjevic, Zoran V"]
[Black "Stojanovic, Ivan"]
[Result "1/2-1/2"]
[WhiteElo "2066"]
[BlackElo "2137"]
[PlyCount "110"]
[EventDate "2009.09.06"]

1. d4 Nf6 2. c4 g6 3. Nc3 Bg7 4. e4 d6 5. Nf3 O-O 6. Be2 e5 7. dxe5 dxe5 8.
Qxd8 Rxd8 9. Bg5 Re8 10. Nd5 Nxd5 11. cxd5 Bd7 12. Nd2 c6 13. Bc4 cxd5 14. Bxd5
Bc6 15. O-O-O Na6 16. Bxc6 Rac8 17. Kb1 Rxc6 18. Nb3 Bf6 19. Be3 b6 20. Rd7 Rc7
21. Rhd1 Rec8 22. Nc1 Kf8 23. Ne2 Ke8 24. R7d2 Rc6 25. Nc3 Nc7 26. Rd3 Rd8 27.
Rxd8+ Bxd8 28. Rd3 Be7 29. g3 Bb4 30. Ne2 Ne6 31. f4 Rc4 32. a3 Bc5 33. Nc3
Bxe3 34. Rxe3 exf4 35. gxf4 Nxf4 36. Rf3 g5 37. h4 h6 38. hxg5 hxg5 39. Rg3 Ne6
40. Rh3 Nc5 41. Rh5 Nxe4 42. Nxe4 Rxe4 43. Rxg5 Rc4 44. b3 Rc7 45. Kb2 f6 46.
Rf5 Ke7 47. Rf1 Rc5 48. Rh1 Ke6 49. b4 Rc7 50. Re1+ Kf7 51. Rh1 Ke6 52. Re1+
Kf5 53. Rf1+ Ke6 54. Re1+ Kd5 55. Rd1+ Ke4 1/2-1/2

[Event "2nd League CS-East 2009"]
[Site "?"]
[Date "2009.09.20"]
[Round "3"]
[White "Nikolic, Stanimir"]
[Black "Zlatanovic, Zoran"]
[Result "1-0"]
[WhiteElo "2292"]
[BlackElo "2152"]
[Annotator ",Micko"]
[PlyCount "53"]
[EventDate "2009.09.06"]

1. d4 Nf6 2. Nf3 e6 3. c4 Bb4+ 4. Bd2 a5 5. e3 Qe7 6. Bd3 Nc6 7. Nc3 Bxc3 8.
Bxc3 d6 9. O-O e5 10. Nd2 O-O 11. Rc1 Re8 12. d5 Nb8 13. e4 Nbd7 14. Bc2 Nc5
15. b3 g6 16. a3 Nh5 17. b4 axb4 18. axb4 Nd7 19. g3 Nhf6 20. f3 h6 21. Qe2 Nh7
22. Kh1 Qg5 23. Rg1 Ra3 24. Nb1 Ra2 25. Bd2 Qf6 26. Qe3 Ng5 27. Rgf1 {necitko
44 poteza} 1-0

[Event "2nd League CS-East 2009"]
[Site "?"]
[Date "2009.09.20"]
[Round "3"]
[White "Stojanovic, Sreten"]
[Black "Tosic, Nebojsa"]
[Result "0-1"]
[WhiteElo "2172"]
[BlackElo "2194"]
[PlyCount "90"]
[EventDate "2009.09.06"]

1. e4 c5 2. Nf3 d6 3. d4 cxd4 4. Nxd4 Nf6 5. Nc3 e6 6. Be3 a6 7. Be2 Be7 8. Qd2
O-O 9. g4 b5 10. a3 Bb7 11. f3 Nfd7 12. g5 Nc6 13. h4 Na5 14. f4 Nc5 15. Bd3
Nc4 16. Bxc4 bxc4 17. Qg2 Qb6 18. b4 cxb3 19. Nxb3 Nd3+ 20. Kd2 Nc5 21. Rhb1
Qc7 22. Nxc5 dxc5 23. Qe2 Rfd8+ 24. Kc1 Rab8 25. Qc4 Bd6 26. e5 Bf8 27. Rb3 Bd5
28. Nxd5 exd5 29. Qxa6 c4 30. Rxb8 Rxb8 31. Rb1 Re8 32. Rb5 Qd7 33. Qa5 d4 34.
Bf2 d3 35. Rd5 Qh3 36. cxd3 cxd3 37. Be1 Rc8+ 38. Kb1 Qg2 39. Bd2 Qf1+ 40. Kb2
Rc2+ 41. Kb3 Qb1+ 42. Ka4 Rxd2 43. Rd8 Qc2+ 44. Kb5 Qb3+ 45. Ka6 Qe6+ 0-1

[Event "2nd League CS-East 2009"]
[Site "?"]
[Date "2009.09.20"]
[Round "3"]
[White "Rajkovic, Aleksandar"]
[Black "Tosic, Branislav"]
[Result "1/2-1/2"]
[WhiteElo "2144"]
[BlackElo "2192"]
[PlyCount "95"]
[EventDate "2009.09.06"]

1. Nf3 d6 2. c4 e5 3. Nc3 f5 4. d4 e4 5. Ng5 Nf6 6. g3 c6 7. Qb3 Qb6 8. Be3
Qxb3 9. axb3 Na6 10. Bg2 Nb4 11. Kd2 Ng4 12. Ra4 Nxe3 13. fxe3 Na6 14. Rha1 Be7
15. Nh3 Bd7 16. b4 Rb8 17. b5 cxb5 18. cxb5 Nc7 19. Rxa7 Nxb5 20. Ra8 O-O 21.
Rxb8 Rxb8 22. Nf4 Nxc3 23. bxc3 Kf7 24. g4 g6 25. gxf5 gxf5 26. Bh3 Bg5 27. Ra5
b5 28. Ra7 Ke8 29. Nh5 b4 30. cxb4 Rxb4 31. Kc3 Rb1 32. Ng7+ Kd8 33. Bxf5 Bxf5
34. Nxf5 Rc1+ 35. Kd2 Rc7 36. Ra8+ Kd7 37. Ng3 Rc4 38. h4 Bxh4 39. Nxe4 Bd8 40.
Ra7+ Rc7 41. Ra5 Rc2+ 42. Kxc2 Bxa5 43. Nf6+ Ke6 44. Nxh7 Bd8 45. Nf8+ Kf7 46.
Nh7 Kg7 47. e4 Kxh7 48. Kd3 1/2-1/2

[Event "2nd League CS-East 2009"]
[Site "?"]
[Date "2009.09.20"]
[Round "3"]
[White "Nedeljkovic, Gojko"]
[Black "Mickovic, Slavisa"]
[Result "0-1"]
[WhiteElo "2197"]
[BlackElo "2101"]
[PlyCount "90"]
[EventDate "2009.09.06"]

1. e4 c6 2. Nc3 d5 3. Nf3 Bg4 4. h3 Bxf3 5. Qxf3 e6 6. d3 Nd7 7. Bd2 Ngf6 8.
O-O-O Qc7 9. g4 O-O-O 10. g5 Ne5 11. Qg2 Ne8 12. f4 Nd7 13. Kb1 Nd6 14. h4 d4
15. Ne2 Qb6 16. a4 Nc5 17. a5 Qc7 18. Nxd4 Ndxe4 19. Be3 Nc3+ 20. bxc3 Na4 21.
Bd2 c5 22. Nb3 c4 23. a6 cxb3 24. Qxb7+ Qxb7 25. axb7+ Kxb7 26. cxb3 Nc5 27.
Kc2 Bd6 28. Bg2+ Kc8 29. b4 Nd7 30. Be3 Bb8 31. Ra1 Nb6 32. Ra6 Nd5 33. Bxd5
Rxd5 34. Bxa7 Kd7 35. Bxb8 Rxb8 36. Ra7+ Ke8 37. Rha1 Rf5 38. Ra8 Rxa8 39.
Rxa8+ Ke7 40. Ra7+ Kd6 41. c4 Rxf4 42. Kc3 Rf1 43. b5 e5 44. Ra6+ Kd7 45. c5 f5
0-1

[Event "2nd League CS-East 2009"]
[Site "Golubac"]
[Date "2009.09.20"]
[Round "3.6"]
[White "Devetak, Dusan"]
[Black "Raicevic, Ivica"]
[Result "1-0"]
[WhiteElo "2216"]
[BlackElo "2315"]
[PlyCount "106"]
[EventDate "2009.09.06"]

1. e4 e6 2. d4 d5 3. Nc3 Be7 4. Nf3 Nf6 5. exd5 exd5 6. Be2 O-O 7. O-O Bf5 8.
Bf4 c6 9. Re1 Nbd7 10. Bd3 Bg4 11. h3 Bh5 12. Be2 Bb4 13. Nd2 Bg6 14. Ncb1 Re8
15. c3 Bf8 16. Nf3 Ne4 17. Nbd2 Qf6 18. Bh2 Bd6 19. Bxd6 Qxd6 20. Nxe4 dxe4 21.
Nh4 Nf6 22. Nxg6 hxg6 23. Qd2 Rad8 24. Rad1 e3 25. fxe3 Ne4 26. Qc2 Qg3 27. Bf1
Ng5 28. Kh1 Re4 29. Re2 Rde8 30. Qd2 Rxe3 31. Rxe3 Rxe3 32. Qc2 Ne4 33. Kg1 Kh7
34. Rd3 f5 35. Rxe3 Qxe3+ 36. Kh2 Qg3+ 37. Kg1 Ng5 38. Kh1 Ne4 39. Kg1 Qe3+ 40.
Kh2 Kh6 41. Qe2 Qg3+ 42. Kg1 Qf4 43. Qc2 Nd2 44. Qd3 Ne4 45. Qc2 Qe3+ 46. Kh2
Nd2 47. Qd3 Qf2 48. Be2 g5 49. Qxd2 f4 50. Qd3 Qe1 51. Qf3 g6 52. Bd3 Qh4 53.
Qg4 Qf2 1-0

[Event "2nd League CS-East 2009"]
[Site "Golubac"]
[Date "2009.09.20"]
[Round "3.6"]
[White "Dmitrovic, Tomislav"]
[Black "Trailovic, Mile"]
[Result "1/2-1/2"]
[WhiteElo "2279"]
[BlackElo "2154"]
[PlyCount "87"]
[EventDate "2009.09.06"]

1. d4 c5 2. d5 Nf6 3. Nc3 g6 4. e4 d6 5. Nf3 Bg7 6. Be2 O-O 7. O-O a6 8. a4
Nbd7 9. a5 b5 10. axb6 Nxb6 11. Nd2 Bb7 12. Nb3 Re8 13. Na5 Bc8 14. Bf4 Qc7 15.
Qd2 Bd7 16. Rfe1 Reb8 17. h3 Nc8 18. Ra2 Rb4 19. Bf3 Ne8 20. Nd1 Rab8 21. c3
Ra4 22. Rxa4 Bxa4 23. Nc4 Nb6 24. Nde3 Nxc4 25. Nxc4 Bb3 26. Be2 a5 27. Bf1 a4
28. e5 Bxc4 29. exd6 Nxd6 30. Bxc4 Qb6 31. Bd3 Bf6 32. g4 h6 33. Bxh6 c4 34.
Bc2 a3 35. bxa3 Qa5 36. Re3 Qxa3 37. Bf4 Rb7 38. Kg2 Nb5 39. d6 Nxd6 40. Bxg6
e5 41. Rxe5 Bxe5 42. Bxe5 fxg6 43. Qh6 Kf7 44. Bxd6 1/2-1/2

[Event "2nd League CS-East 2009"]
[Site "Golubac"]
[Date "2009.09.20"]
[Round "3.6"]
[White "Dodic, Dragan"]
[Black "Trifunovic, Miroljub"]
[Result "1/2-1/2"]
[WhiteElo "2147"]
[BlackElo "2295"]
[PlyCount "139"]
[EventDate "2009.09.06"]

1. d4 d5 2. c4 e6 3. Nc3 Be7 4. Nf3 Nf6 5. Bg5 h6 6. Bxf6 Bxf6 7. cxd5 exd5 8.
b4 O-O 9. e3 c6 10. a4 a5 11. b5 c5 12. Rc1 cxd4 13. Nxd4 Qd6 14. Be2 Nd7 15.
O-O Nb6 16. Qd3 Rd8 17. Rfd1 Qb4 18. Rb1 Qe7 19. Qc2 Be6 20. Qb3 Rdc8 21. Na2
Rc7 22. Rbc1 Rac8 23. Rxc7 Rxc7 24. h3 Bxd4 25. Rxd4 Qc5 26. Bd1 Bf5 27. Rd2
Nc4 28. Rd4 Nb6 29. Rd2 Nc4 30. Rd4 Be6 31. Be2 Nb6 32. Bd1 Rc8 33. Qd3 g6 34.
g4 Kg7 35. f3 Qc7 36. Kg2 h5 37. gxh5 Rh8 38. Rh4 Qe5 39. Qd4 Qxd4 40. Rxd4
Rxh5 41. h4 Rh8 42. Nc3 Rc8 43. Ne2 Kf6 44. Bb3 Rc5 45. Kf2 Ke5 46. e4 dxe4 47.
Rxe4+ Kf6 48. Bxe6 fxe6 49. Nf4 e5 50. Nd3 Rc2+ 51. Kg3 Nd7 52. f4 exf4+ 53.
Rxf4+ Ke6 54. Kf3 Rc3 55. Ke2 Rc2+ 56. Ke3 Nf6 57. Kd4 b6 58. Rf2 Rc8 59. Re2+
Kf5 60. Re5+ Kg4 61. Rg5+ Kxh4 62. Rxg6 Rd8+ 63. Kc4 Nd5 64. Ne5 Kh5 65. Rg7
Ne3+ 66. Kc3 Nd5+ 67. Kc4 Ne3+ 68. Kc3 Nd1+ 69. Kc4 Ne3+ 70. Kc3 1/2-1/2

[Event "2nd League CS-East 2009"]
[Site "Golubac"]
[Date "2009.09.20"]
[Round "3.6"]
[White "Turudic, Nenad"]
[Black "Vlajic, Sasa"]
[Result "0-1"]
[WhiteElo "2215"]
[BlackElo "2176"]
[PlyCount "61"]
[EventDate "2009.09.06"]

1. e4 d5 2. exd5 Nf6 3. Nf3 Nxd5 4. d4 g6 5. Be2 Bg7 6. c4 Nb6 7. Nc3 O-O 8.
O-O Bg4 9. c5 Nd5 10. Qb3 Nxc3 11. bxc3 b6 12. Rd1 Nd7 13. c6 Nf6 14. Ba3 Nd5
15. Re1 Nf4 16. Bd1 Bf6 17. Re4 g5 18. Nxg5 Bxd1 19. Qxd1 Bxg5 20. Qg4 e5 21.
Bxf8 h5 22. Qf5 Kxf8 23. Rxe5 Bh6 24. Rae1 Qd6 25. g3 Qg6 26. Qd7 Kg7 27. Re7
Rf8 28. Kh1 Nd3 29. R1e2 Bg5 30. R7e4 Nxf2+ 31. Kg2 0-1

[Event "2nd League CS-East 2009"]
[Site "Golubac"]
[Date "2009.09.20"]
[Round "3.6"]
[White "Dragic, Vladimir"]
[Black "Maksimovic, Boban"]
[Result "0-1"]
[WhiteElo "2205"]
[BlackElo "2204"]
[PlyCount "98"]
[EventDate "2009.09.06"]

1. d4 Nf6 2. Nc3 d5 3. Bg5 e6 4. e4 dxe4 5. Nxe4 Be7 6. Bxf6 Bxf6 7. Nf3 O-O 8.
c3 b6 9. Bd3 Bb7 10. Qe2 Nd7 11. O-O-O Qe7 12. Rhe1 c5 13. g4 cxd4 14. cxd4
Rac8+ 15. Kb1 Qb4 16. g5 Be7 17. h4 Bd5 18. h5 Rc7 19. Rg1 b5 20. Ne5 Nxe5 21.
Nf6+ Bxf6 22. gxf6 Ng6 23. fxg7 Rfc8 24. hxg6 fxg6 25. Be4 Qc4 26. Qxc4 Bxe4+
27. Qd3 Bxd3+ 28. Rxd3 Kxg7 29. Re1 Rc2 30. a3 Rxf2 31. Rxe6 h5 32. d5 Rf6 33.
Re7+ Rf7 34. Re6 Rcc7 35. Ka2 Rf6 36. Re5 Rd6 37. Re4 Rcd7 38. Kb3 Rxd5 39.
Rxd5 Rxd5 40. Re7+ Kf6 41. Rxa7 h4 42. a4 h3 43. Rc7 h2 44. Rc1 Rh5 45. Rh1
bxa4+ 46. Kxa4 g5 47. b4 g4 48. b5 g3 49. b6 g2 0-1

[Event "2nd League CS-East 2009"]
[Site "Golubac"]
[Date "2009.09.20"]
[Round "3.6"]
[White "Milenkovic, Slavisa"]
[Black "Floricelovic, Milos"]
[Result "1-0"]
[WhiteElo "2142"]
[BlackElo "2104"]
[PlyCount "83"]
[EventDate "2009.09.06"]

1. c4 c6 2. Nf3 g6 3. Nc3 Bg7 4. d4 d6 5. e4 Bg4 6. Be3 Nf6 7. Be2 Nbd7 8. Qd2
e5 9. O-O h6 10. Rfd1 Qc7 11. Rac1 a6 12. b4 g5 13. a4 Nf8 14. d5 cxd5 15. Nxd5
Nxd5 16. Qxd5 Rd8 17. a5 Be6 18. Qd3 Rd7 19. Bb6 Qc8 20. b5 Ng6 21. Qa3 Bf8 22.
Qa4 g4 23. Ne1 Nf4 24. Bf1 Be7 25. Nd3 Nxd3 26. Bxd3 O-O 27. Be3 Kh7 28. Qa1 f6
29. Rc3 Qe8 30. bxa6 bxa6 31. Rb1 Qg6 32. Rb6 Ra8 33. c5 f5 34. c6 f4 35. Bxf4
exf4 36. cxd7 g3 37. e5 gxf2+ 38. Kxf2 Bf5 39. Bxf5 Qxf5 40. Qb1 Qxb1 41. Rxb1
Rd8 42. e6 1-0

[Event "2nd League CS-East 2009"]
[Site "Golubac"]
[Date "2009.09.20"]
[Round "3.1"]
[White "Pantic, Milivoje"]
[Black "Jovic, Stanoje"]
[Result "1/2-1/2"]
[WhiteElo "2170"]
[BlackElo "2294"]
[PlyCount "65"]
[EventDate "2009.09.06"]

1. d4 Nf6 2. Nf3 d6 3. Nc3 Bf5 4. Nh4 Bd7 5. e4 e5 6. Nf3 exd4 7. Nxd4 Nc6 8.
Be2 g6 9. Be3 Bg7 10. O-O O-O 11. f3 Re8 12. Nxc6 Bxc6 13. Bg5 h6 14. Bh4 g5
15. Bf2 d5 16. exd5 Nxd5 17. Nxd5 Qxd5 18. Qxd5 Bxd5 19. Bb5 c6 20. Bd3 Bxb2
21. Rab1 Bc3 22. Rxb7 c5 23. Rc7 Bxa2 24. Be4 Rxe4 25. fxe4 a5 26. Bxc5 a4 27.
Rf3 Bb2 28. Ra7 Rxa7 29. Bxa7 Bb1 30. Bc5 Bxc2 31. Rf2 a3 32. Bxa3 Bd4 33. e5
1/2-1/2

[Event "2nd League CS-East 2009"]
[Site "Golubac"]
[Date "2009.09.20"]
[Round "3.1"]
[White "Kajganovic, Miodrag"]
[Black "Djukic, Stevan"]
[Result "1-0"]
[WhiteElo "2283"]
[BlackElo "2199"]
[PlyCount "106"]
[EventDate "2009.09.06"]

1. Nf3 Nf6 2. c4 g6 3. g3 Bg7 4. Bg2 O-O 5. Nc3 c6 6. O-O d6 7. d4 Qa5 8. d5
cxd5 9. cxd5 b5 10. Nd4 b4 11. Nb1 Bb7 12. e4 Rc8 13. Be3 Nbd7 14. Nd2 Ne5 15.
h3 Nfd7 16. a3 Nc5 17. N2b3 Qa4 18. axb4 Qxb4 19. Bd2 Qc4 20. Bc3 Na4 21. Na5
Nxc3 22. Nxc4 Nxd1 23. Na5 Nxf2 24. Nxb7 Nfd3 25. Na5 Nb4 26. Ra4 Rab8 27. Rb1
Bf6 28. b3 Rb6 29. Bf1 Rc3 30. Kg2 a6 31. Rd1 Nc2 32. Nxc2 Rxc2+ 33. Kh1 Rb8
34. Rb1 Rbc8 35. Nc4 Nf3 36. Bg2 Nd2 37. Nxd2 Rxd2 38. Rc4 Rxc4 39. bxc4 a5 40.
Rb8+ Kg7 41. Ra8 Bd4 42. e5 Bxe5 43. Rxa5 Bxg3 44. Bf1 Rf2 45. Kg1 Rc2 46. Ra3
Be5 47. Rf3 Rd2 48. Kh1 h6 49. Bd3 h5 50. Kg1 f5 51. Kf1 Kf6 52. Ke1 Rh2 53.
Kd1 Kg5 1-0

[Event "2nd League CS-East 2009"]
[Site "Golubac"]
[Date "2009.09.20"]
[Round "3.1"]
[White "Bradic, Rade"]
[Black "Nikolic, Vojislav B"]
[Result "1-0"]
[WhiteElo "1942"]
[BlackElo "1949"]
[PlyCount "61"]
[EventDate "2009.09.06"]

1. e4 e5 2. Nf3 Nf6 3. Nxe5 d6 4. Nf3 Nxe4 5. Nc3 Nxc3 6. dxc3 Be7 7. h3 Nc6 8.
Bd3 Bf6 9. Be3 Be6 10. a3 Ne5 11. Nxe5 Bxe5 12. Qe2 Qe7 13. O-O-O a6 14. f4 Bf6
15. Qf3 c6 16. Rhe1 Bd5 17. Qf1 O-O-O 18. Bb6 Qf8 19. Bxd8 Qxd8 20. g4 h6 21.
Qg1 Kb8 22. Re3 g5 23. f5 Be5 24. c4 Bd4 25. c3 Bxe3+ 26. Qxe3 Re8 27. Qg3 Be4
28. Bxe4 Rxe4 29. Rxd6 Qa5 30. Rd5+ Qc7 31. Rd8+ 1-0

[Event "2nd League CS-East 2009"]
[Site "Golubac"]
[Date "2009.09.20"]
[Round "3.1"]
[White "Markovic, Marko"]
[Black "Biljanic, Ljubomir"]
[Result "1-0"]
[WhiteElo "2312"]
[BlackElo "2312"]
[PlyCount "67"]
[EventDate "2009.09.06"]

1. e4 e5 2. Nf3 Nc6 3. d4 exd4 4. Nxd4 Bc5 5. Nb3 Bb4+ 6. Bd2 Bxd2+ 7. Qxd2 d6
8. Nc3 Be6 9. O-O-O Nf6 10. h3 O-O 11. g4 Re8 12. Bg2 a5 13. f4 Nd7 14. e5 a4
15. Na1 Nb6 16. f5 Bd7 17. exd6 Nc4 18. Qf4 N6e5 19. dxc7 Qxc7 20. Nd5 Qc5 21.
Qd4 Qd6 22. f6 gxf6 23. Rhf1 Re6 24. c3 Rc8 25. Nc2 Kg7 26. Be4 a3 27. b3 Nb2
28. Rde1 Nc6 29. Qd2 Rce8 30. Bg2 Rxe1+ 31. Nxe1 Re6 32. Nf4 Rxe1+ 33. Qxe1 Ne5
34. Qd2 1-0